Statistics for Star Wars Opening Text

Click here to take the quiz!

General Stats

  • This quiz has been taken 579 times
  • The average score is 10 of 19

Answer Stats

Hint Answer % Correct
an entire ______.planet
77%
with enough power to _______destroy
76%
It is a period of _____ ___civil war
75%
to the ______....galaxy
74%
the _____ ____DEATH STAR
70%
against the evil ________ ______.Galactic Empire
64%
________ ____Princess Leia
62%
have won their first _______victory
61%
an armored _____ _______space station
60%
striking from a ______ ____,hidden base
53%
managed to steal ______ _____secret plans
47%
During the battle, _____ _____rebel spies
45%
that can save her ______people
38%
races home aboard her ________,starship
37%
and restore _______freedom
30%
to the Empire's ________ ______,ultimate weapon
27%
custodian of the ______ _____stolen plans
23%
Rebel _________,spaceships
18%
Pursued by the Empire's _________ ______,sinister agents
17%

Score Distribution

Percentile by Number Answered

Percent of People with Each Score

Your Score History

You have not taken this quiz